| 000 -GUIDE |
| Champ de contrôle de longueur fixe |
00779nam a22002297a 4500 |
| 003 - IDENTITÉ DU NUMÉRO DE CONTRÔLE |
| Champ de contrôle |
BI-BuBU |
| 008 - ÉLÉMENTS DE LONGUEUR FIXE - RENSEIGNEMENTS GÉNÉRAUX |
| Champ de contrôle de longueur fixe |
091211t fr ||||dr|||| 001 0dfre d |
| 020 ## - INTERNATIONAL STANDARD BOOK NUMBER |
| ISBN |
9782844272461 |
| 020 ## - INTERNATIONAL STANDARD BOOK NUMBER |
| ISBN |
2844272461 |
| 039 ## - NIVEAU DE CONTRÔLE BIBLIOGRAPHIQUE ET HISTORIQUE D'ENCODAGE [OBSOLETE] |
| Date creation |
aln |
| 040 ## - SOURCE DU CATALOGAGE |
| Organisme qui a effectué le catalogage original |
BI-BuBU |
| Code de la langue utilisée dans le catalogage |
fr |
| Organisme qui a effectué la transcription |
BI-BuBU |
| 080 ## - INDICE DE LA CLASSIFICATION DÉCIMALE UNIVERSELLE (CDU) |
| Indice de la Classification décimale universelle |
681.3. |
| 100 1# - VEDETTE PRINCIPALE - NOM DE PERSONNE |
| Code de relation |
aut |
| Nom de personne |
Crowder David |
| 245 1# - MENTION DU TITRE |
| Titre |
Créer un site web pour les nuls |
| Mention de responsabilité, etc. |
David Crowder, Rhonda Crowder |
| 260 ## - PUBLICATION, DIFFUSION, ETC. (ADRESSE BIBLIOGRAPHIQUE) |
| Lieu de publication, diffusion, etc. |
Paris |
| Nom de l'éditeur, diffuseur, etc. |
First Interactive |
| Date of publication, distribution, etc |
cop.2000 |
| 300 ## - DESCRIPTION MATÉRIELLE |
| Collation |
xvii-377 p. |
| Autres caractéristiques matérielles |
ill. : couv. ill. en coul. |
| Dimensions |
23 cm. |
| 504 ## - NOTE DE BIBLIOGRAPHIE ET INDEX. |
| Note de bibliographie et index. |
Index |
| 650 ## - VEDETTE-MATIÈRE - NOM COMMUN |
| Source du terme |
Site web.conception. |
| 9 (RLIN) |
8172 |
| 942 ## - ÉLÉMENTS D'ENTRÉE ADDITIONNELLE (KOHA) |
| Source de la classification ou du système de rangement |
|
| Type d item koha |
BOOK |